Nebuďte nenávideným turistom
Turizmus patrí medzi najväčšie svetové ekonomické odvetvia. Napriek hrozbám terorizmu, politickej nestabilite či prírodným katastrofám cestovný ruch kontinuálne rastie a podstatne prispieva k HDP. Zmeny priniesli aj geopolitické skutočnosti - koniec studenej vojny a otvorenie hraníc. Vo väčšine prep...
Salvato in:
| Autore principale: | |
|---|---|
| Natura: | Capitolo di libro |
| Lingua: | slovacco |
| Soggetti: | |
| Tags: |
Nessun Tag, puoi essere il primo ad aggiungerne!!
|
MARC
| LEADER | 00000naa a2200000 4500 | ||
|---|---|---|---|
| 001 | 0235616 | ||
| 005 | 20170906111003.2 | ||
| 041 | 0 | |a slo | |
| 044 | |a SK | ||
| 245 | 1 | 0 | |a Nebuďte nenávideným turistom |c Patrik Garaj |
| 520 | |a Turizmus patrí medzi najväčšie svetové ekonomické odvetvia. Napriek hrozbám terorizmu, politickej nestabilite či prírodným katastrofám cestovný ruch kontinuálne rastie a podstatne prispieva k HDP. Zmeny priniesli aj geopolitické skutočnosti - koniec studenej vojny a otvorenie hraníc. Vo väčšine preplnených destinácií chýba nosný plán udržateľného turizmu. Dnes je turizmus všade, čo má aj negatívne dopady. Kde turizmus tlačí. | ||
| 610 | 2 | 0 | |a ruch cestovný |
| 610 | 2 | 0 | |a rast hospodársky |
| 610 | 2 | 0 | |a dedičstvo kultúrne |
| 610 | 2 | 0 | |a služby |
| 610 | 2 | 0 | |a mestá |
| 610 | 2 | 0 | |a svet |
| 100 | 1 | |a Garaj, Patrik | |